[Event "25th Open"]
[Site "Cappelle la Grande FRA"]
[Date "2009.03.03"]
[Round "5"]
[White "Gelashvili, T."]
[Black "Abergel, T."]
[Result "1-0"]
[WhiteElo "2622"]
[BlackElo "2509"]
[PlyCount "93"]
[EventDate "2009.02.28"]
[SourceDate "1999.07.01"]

1. d4 d5 2. Nf3 Nf6 3. c4 c6 4. Nc3 a6 5. e3 b5 6. b3 Bg4 7. h3 Bxf3 8. Qxf3 e6
9. Bd2 Nbd7 10. Bd3 Bb4 11. O-O O-O 12. Qe2 Qe7 13. Qe1 bxc4 14. bxc4 c5 15.
dxc5 dxc4 16. Bxc4 Qxc5 17. Bb3 Rfc8 18. Na4 Bxd2 19. Qxd2 Qa3 20. Rac1 h6 21.
Rc2 Rxc2 22. Qxc2 Rb8 23. Rd1 Qb4 24. Qc7 Qb5 25. Bc2 Nd5 26. Nc3 Nxc7 27. Nxb5
Nd5 28. Nc7 Rb2 29. Nxd5 exd5 30. Bb3 Nf6 31. Rc1 a5 32. Rc8+ Kh7 33. Ra8 Rb1+
34. Kh2 Rb2 35. f3 Re2 36. e4 dxe4 37. fxe4 Kg6 38. Ra7 Nxe4 39. Bxf7+ Kf6 40.
Bc4 Rb2 41. Rxa5 Nc3 42. Ra6+ Kf5 43. Ra3 Ne4 44. Rb3 Rc2 45. Bd3 Rd2 46. Bb1
Rd1 47. Rb4 1-0

[Event "25th Open"]
[Site "Cappelle la Grande FRA"]
[Date "2009.03.07"]
[Round "9"]
[White "Brodsky, M."]
[Black "Burmakin, V."]
[Result "1-0"]
[WhiteElo "2518"]
[BlackElo "2623"]
[PlyCount "149"]
[EventDate "2009.02.28"]
[SourceDate "1999.07.01"]

1. d4 d5 2. c4 c6 3. Nf3 Nf6 4. Nc3 a6 5. a4 e6 6. g3 Nbd7 7. Bg2 Bb4 8. O-O
dxc4 9. Nd2 a5 10. Nxc4 Nb6 11. Ne5 O-O 12. e4 Nbd7 13. Nd3 Be7 14. Bf4 Re8 15.
h3 Nf8 16. Be3 b6 17. Qc2 Ba6 18. Rfd1 Rc8 19. Rac1 Qd7 20. Ne5 Qa7 21. Qb3
N6d7 22. Nc4 Qb8 23. Bf1 Qb7 24. e5 Bb4 25. Bg2 Qb8 26. Ne4 Bxc4 27. Rxc4 b5
28. axb5 Qxb5 29. Rxb4 Qxb4 30. Qxb4 axb4 31. Nd6 Nb8 32. Rc1 Ng6 33. Bd2 Ne7
34. Bxb4 Nf5 35. Nxe8 Rxe8 36. Bc5 h5 37. Kf1 Rc8 38. g4 hxg4 39. hxg4 Nh6 40.
Bf3 f6 41. exf6 gxf6 42. Ke2 Nf7 43. b4 Nd7 44. Ke3 Kg7 45. Ra1 Nxc5 46. dxc5
Ne5 47. Ra7+ Kf8 48. Be2 Rb8 49. Ra4 Ng6 50. Bc4 Ne5 51. Bxe6 Re8 52. Bf5 Nxg4+
53. Kf3 Ne5+ 54. Kf4 Rb8 55. Be4 Kf7 56. Ke3 Ke6 57. f4 f5 58. Bg2 Ng4+ 59. Kd4
Rd8+ 60. Kc3 Rc8 61. Ra6 Kd7 62. Kd4 Rc7 63. Bf3 Rc8 64. Rb6 Rc7 65. Rb8 Nh2
66. Bg2 Ng4 67. Bf3 Ke7 68. Rg8 Kf7 69. Rd8 Rb7 70. Kc3 Ra7 71. Bxc6 Ke7 72.
Ra8 Rc7 73. b5 Nf6 74. Kd4 Ke6 75. Ra6 1-0

[Event "TCh-CZE Div1 Zapad 2012-13"]
[Site "Czech Republic CZE"]
[Date "2013.02.10"]
[Round "7.1"]
[White "Bernasek, J."]
[Black "Bindrich, F."]
[Result "1-0"]
[WhiteElo "2506"]
[BlackElo "2532"]
[PlyCount "69"]
[EventDate "2012.10.28"]
[SourceDate "1999.07.01"]
[WhiteTeam "SK ERA Postovni sporitelna"]
[BlackTeam "SK Holdia DP Praha B"]

1. d4 d5 2. c4 c6 3. Nf3 Nf6 4. Nc3 a6 5. e3 Bf5 6. Be2 h6 7. O-O e6 8. Qb3 b5
9. cxb5 cxb5 10. a4 b4 11. Na2 Nbd7 12. a5 Ne4 13. Qa4 b3 14. Nb4 Qc8 15. Ne5
Bxb4 16. Nxd7 Qxd7 17. Qxb4 Qe7 18. Qxb3 O-O 19. f3 Rfb8 20. Qa3 Qxa3 21. Rxa3
Nd6 22. Rc3 Rb4 23. Rc6 Nb7 24. Rb6 Rxb6 25. axb6 Na5 26. e4 dxe4 27. Bf4 Rd8
28. b4 Nc6 29. b7 e5 30. Bxe5 e3 31. Rc1 Nxe5 32. dxe5 Kf8 33. Rc3 Be6 34. Kf1
Ke8 35. Bxa6 1-0

[Event "13th ch-CRO 2013"]
[Site "Plitvicka Jezera CRO"]
[Date "2013.01.23"]
[Round "3.5"]
[White "Jankovic, A."]
[Black "Jovanic, O."]
[Result "1/2-1/2"]
[WhiteElo "2538"]
[BlackElo "2547"]
[PlyCount "104"]
[EventDate "2013.01.21"]
[SourceDate "1999.07.01"]

1. d4 d5 2. c4 c6 3. Nf3 Nf6 4. Nc3 a6 5. cxd5 cxd5 6. Bf4 Nc6 7. Ne5 e6 8. e3
Nxe5 9. dxe5 Nd7 10. Rc1 Be7 11. Bd3 Nc5 12. Bb1 Bd7 13. O-O Bc6 14. Qd4 Qb6
15. b3 a5 16. Rfd1 Qb4 17. e4 dxe4 18. Nxe4 Bxe4 19. Bxe4 Qxd4 20. Rxd4 O-O 21.
Bxb7 Rad8 22. Rxd8 Rxd8 23. Bf3 Nd3 24. Rc7 Bc5 25. Bg5 Rb8 26. Be3 Bxe3 27.
fxe3 Nxe5 28. Ra7 f6 29. Rxa5 Rc8 30. Ra7 Rc2 31. a4 Rb2 32. Rb7 g5 33. h3 Ra2
34. Re7 Ra3 35. Rb7 f5 36. Rb5 Nxf3+ 37. gxf3 Kf7 38. a5 h5 39. b4 Ra1+ 40. Kf2
Ra2+ 41. Ke1 h4 42. Rc5 Ke7 43. e4 fxe4 44. fxe4 Kf6 45. Kf1 Kg6 46. Rc8 Kf6
47. Rc5 Ra4 48. Rb5 Ra2 49. Ke1 Kg6 50. Kf1 Kf6 51. Kg1 Kg6 52. Kf1 Kf6 1/2-1/2

[Event "13th ch-CRO 2013"]
[Site "Plitvicka Jezera CRO"]
[Date "2013.01.21"]
[Round "1.4"]
[White "Kozul, Z."]
[Black "Jovanic, O."]
[Result "1/2-1/2"]
[WhiteElo "2637"]
[BlackElo "2547"]
[PlyCount "99"]
[EventDate "2013.01.21"]
[SourceDate "1999.07.01"]

1. d4 d5 2. c4 c6 3. Nc3 Nf6 4. Nf3 a6 5. a4 e6 6. Bg5 a5 7. e3 Be7 8. Bd3 Na6
9. cxd5 exd5 10. h3 Nb4 11. Bb1 Be6 12. O-O O-O 13. Ne5 h6 14. Bf4 Qc8 15. Ne2
Bf5 16. Ng3 Bxb1 17. Qxb1 Re8 18. f3 Bf8 19. Nf5 Nh5 20. Bh2 g6 21. Nh4 Qe6 22.
f4 Qf6 23. g3 c5 24. Qd1 cxd4 25. exd4 Qb6 26. g4 Nf6 27. g5 Ne4 28. f5 hxg5
29. fxg6 fxg6 30. Nhxg6 Bg7 31. Kh1 Nc6 32. Nd7 Qxd4 33. Qf3 Nd8 34. Rad1 Qxa4
35. Nde5 Ra6 36. Rxd5 Rf6 37. Qg2 Nc6 38. Re1 Nf2+ 39. Kg1 Rxg6 40. Qxf2 Nxe5
41. Bxe5 Rge6 42. Rf1 Rf8 43. Qd4 Rxf1+ 44. Kxf1 Qxd4 45. Bxd4 Bxd4 46. Rxd4
Rf6+ 47. Ke1 Kg7 48. Rd7+ Rf7 49. Rd5 Kg6 50. Rxa5 1/2-1/2

[Event "Dvorkovich Mem 2013"]
[Site "Taganrog RUS"]
[Date "2013.01.20"]
[Round "6.1"]
[White "Khismatullin, D."]
[Black "Volkov, Sergey1"]
[Result "1/2-1/2"]
[WhiteElo "2652"]
[BlackElo "2590"]
[PlyCount "104"]
[EventDate "2013.01.15"]
[SourceDate "1999.07.01"]

1. d4 d5 2. c4 c6 3. Nc3 Nf6 4. Nf3 a6 5. c5 Nbd7 6. Bf4 Nh5 7. Bg5 h6 8. Bd2
Nhf6 9. Qc2 Qc7 10. e4 Nxe4 11. Nxe4 dxe4 12. Qxe4 Nf6 13. Qc2 Be6 14. Ne5 Bd5
15. Bc4 e6 16. O-O Be7 17. Rae1 Bxc4 18. Qxc4 Nd5 19. f4 O-O 20. f5 exf5 21.
Rxf5 Bg5 22. Bxg5 hxg5 23. Qb3 Rfe8 24. Ref1 f6 25. Nc4 Qe7 26. R5f2 Qe6 27.
Nd6 Re7 28. h4 gxh4 29. Nf5 Rae8 30. Qf3 g5 31. Nxe7+ Rxe7 32. Qh5 Qe4 33. Kh2
Ne3 34. Re1 Ng4+ 35. Qxg4 Qxg4 36. Rxe7 Qxd4 37. Rfe2 Kf8 38. Rxb7 g4 39. Ree7
Qf4+ 40. Kh1 Qc1+ 41. Kh2 Qf4+ 42. Kh1 g3 43. Rf7+ Ke8 44. Rbe7+ Kd8 45. Re1
Qh6 46. b4 h3 47. Rfe7 hxg2+ 48. Kxg2 Qh2+ 49. Kf3 Qh5+ 50. Kxg3 Qg5+ 51. Kf3
Qf5+ 52. Kg3 Qg5+ 1/2-1/2

[Event "9th Vasylyshyn Mem GM"]
[Site "Lviv UKR"]
[Date "2012.11.27"]
[Round "8"]
[White "Zakhartsov, Vi"]
[Black "Vysochin, S."]
[Result "1/2-1/2"]
[WhiteElo "2531"]
[BlackElo "2515"]
[PlyCount "31"]
[EventDate "2012.11.20"]
[EventType "tourn"]
[SourceDate "1999.07.01"]

1. d4 d5 2. c4 c6 3. Nf3 Nf6 4. Nc3 a6 5. e3 g6 6. Bd3 Bg7 7. O-O O-O 8. Qc2
Bg4 9. Ne5 Be6 10. c5 Nbd7 11. Nxd7 Nxd7 12. Bd2 f6 13. f4 f5 14. b4 Nf6 15.
Rab1 Ne4 16. Nxe4 1/2-1/2

[Event "TCh-CZE Extraliga 2012-13"]
[Site "Czech Republic CZE"]
[Date "2012.12.01"]
[Round "3.2"]
[White "Stocek, J."]
[Black "Laznicka, V."]
[Result "1/2-1/2"]
[WhiteElo "2557"]
[BlackElo "2674"]
[PlyCount "30"]
[EventDate "2012.11.03"]
[SourceDate "1999.07.01"]
[WhiteTeam "Vystaviste Lysa nad Labem"]
[BlackTeam "1. Novoborsky SK"]

1. d4 d5 2. c4 c6 3. Nf3 Nf6 4. Nc3 a6 5. h3 e6 6. e3 Nbd7 7. a3 Bd6 8. Bd3
dxc4 9. Bxc4 c5 10. dxc5 Bxc5 11. O-O b5 12. Be2 Bb7 13. b4 Be7 14. Bb2 O-O 15.
a4 Bxb4 1/2-1/2

[Event "16th OIBM 2012"]
[Site "Bad Wiessee GER"]
[Date "2012.10.31"]
[Round "5.5"]
[White "Kunin, V."]
[Black "Volkov, Sergey1"]
[Result "0-1"]
[WhiteElo "2516"]
[BlackElo "2579"]
[PlyCount "82"]
[EventDate "2012.10.27"]
[SourceDate "1999.07.01"]

1. d4 d5 2. c4 c6 3. Nf3 Nf6 4. Nc3 a6 5. e3 b5 6. b3 Bg4 7. Qc2 e6 8. Ne5 Bf5
9. Bd3 Bxd3 10. Nxd3 Nbd7 11. O-O Be7 12. c5 a5 13. b4 a4 14. f3 Nf8 15. Bd2
Ng6 16. Be1 O-O 17. Rd1 Ra7 18. Bf2 Nd7 19. e4 f5 20. Rfe1 fxe4 21. fxe4 Nf6
22. Qe2 dxe4 23. Nxe4 Nd5 24. Bg3 Kh8 25. Qg4 Nf6 26. Nxf6 Rxf6 27. Rxe6 Qd5
28. Rxf6 gxf6 29. Nf4 Nxf4 30. Bxf4 Bf8 31. Qc8 Kg7 32. Rd3 Kf7 33. Qh3 h5 34.
g4 Qxa2 35. Qxh5+ Kg8 36. Re3 Qb1+ 37. Kf2 a3 38. Re8 a2 39. Qh6 Qc2+ 40. Kg3
Qb3+ 41. Kh4 Qf7 0-1

[Event "16th OIBM 2012"]
[Site "Bad Wiessee GER"]
[Date "2012.11.01"]
[Round "6.1"]
[White "Nisipeanu, LD."]
[Black "Volkov, Sergey1"]
[Result "1-0"]
[WhiteElo "2661"]
[BlackElo "2579"]
[PlyCount "65"]
[EventDate "2012.10.27"]
[SourceDate "1999.07.01"]

1. d4 d5 2. c4 c6 3. Nf3 Nf6 4. Nc3 a6 5. e3 b5 6. c5 g6 7. b3 Bg7 8. Bb2 O-O
9. Bd3 Bg4 10. h3 Bxf3 11. gxf3 b4 12. Ne2 Nfd7 13. Qd2 e5 14. Qxb4 exd4 15.
Bxd4 Ne5 16. O-O-O Nxf3 17. Bxg7 Kxg7 18. Qf4 Ng5 19. Nd4 Qf6 20. Qc7 Qd8 21.
Qg3 Nd7 22. Rhg1 Ne4 23. Bxe4 dxe4 24. Qd6 Rc8 25. h4 Kh8 26. Nc2 Nb8 27. Qe5+
f6 28. Qxe4 Qa5 29. h5 g5 30. Qc4 Rc7 31. h6 Nd7 32. Qe6 Nxc5 33. Qxf6+ 1-0

[Event "TCh-CHN 2012"]
[Site "Hangzhou CHN"]
[Date "2012.10.07"]
[Round "16"]
[White "Ding Liren"]
[Black "Wang Hao"]
[Result "1/2-1/2"]
[WhiteElo "2660"]
[BlackElo "2733"]
[PlyCount "47"]
[EventDate "2012.04.28"]
[SourceDate "1999.07.01"]
[WhiteTeam "Zhejiang Yinzhou Team"]
[BlackTeam "Chengdu Bank Team"]

1. Nf3 Nf6 2. c4 c6 3. Nc3 d5 4. d4 a6 5. a4 e6 6. Bg5 a5 7. e3 Na6 8. Be2 Be7
9. O-O O-O 10. Qb3 Nb4 11. Rac1 Nd7 12. Bxe7 Qxe7 13. Na2 Nxa2 14. Qxa2 dxc4
15. Qxc4 e5 16. Qb3 exd4 17. Nxd4 Nf6 18. Bc4 Rd8 19. Rfd1 Nd5 20. h3 g6 21.
Nf3 Be6 22. Nd4 Bc8 23. Nf3 Be6 24. Nd4 1/2-1/2

[Event "40th Olympiad Open"]
[Site "Istanbul TUR"]
[Date "2012.09.06"]
[Round "9.12"]
[White "Ragger, M."]
[Black "Laznicka, V."]
[Result "0-1"]
[WhiteElo "2670"]
[BlackElo "2683"]
[PlyCount "66"]
[EventDate "2012.08.28"]
[SourceDate "1999.07.01"]
[WhiteTeam "Austria"]
[BlackTeam "Czech Republic"]
[WhiteTeamCountry "BAH"]
[BlackTeamCountry "GER"]

1. d4 d5 2. c4 c6 3. Nf3 Nf6 4. Nc3 a6 5. a4 e6 6. g3 dxc4 7. e4 b5 8. e5 Nd5
9. Bg2 Bb7 10. O-O Be7 11. Ne4 O-O 12. Bg5 Nd7 13. h4 h6 14. Bxe7 Qxe7 15. Nd6
Rab8 16. axb5 cxb5 17. Nxb7 Rxb7 18. Rxa6 Nb8 19. Rd6 Rd7 20. Rxd7 Qxd7 21. Nd2
Nc6 22. Ne4 Qa7 23. Nd6 Nxd4 24. Qg4 f5 25. exf6 Nxf6 26. Qd1 Qb6 27. Ne4 b4
28. Re1 Nd5 29. Qd2 Rc8 30. Rd1 c3 31. bxc3 bxc3 32. Qd3 c2 33. Rc1 Qb2 0-1

[Event "2nd Riga Tech Open"]
[Site "Riga LAT"]
[Date "2012.08.09"]
[Round "6.4"]
[White "Shankland, S."]
[Black "Neiksans, A."]
[Result "1/2-1/2"]
[WhiteElo "2581"]
[BlackElo "2537"]
[PlyCount "59"]
[EventDate "2012.08.06"]
[SourceDate "1999.07.01"]

1. d4 d5 2. c4 c6 3. Nf3 Nf6 4. Nc3 a6 5. g3 Bf5 6. Bg2 e6 7. O-O h6 8. Nd2
Nbd7 9. e4 dxe4 10. Ndxe4 Nxe4 11. Nxe4 Bxe4 12. Bxe4 Nf6 13. Bf3 Bd6 14. Qb3
Qd7 15. Be3 O-O 16. Rfd1 Rad8 17. Rac1 Rfe8 18. a4 Qe7 19. a5 Rd7 20. Rd3 Red8
21. Rcd1 Bb8 22. R3d2 Bd6 23. Rd3 Bb8 24. h3 Bd6 25. Bg2 e5 26. dxe5 Bxe5 27.
Rxd7 Rxd7 28. Rxd7 Qxd7 29. g4 Bc7 30. Bb6 1/2-1/2

[Event "Politiken Cup 2012"]
[Site "Helsingor DEN"]
[Date "2012.07.30"]
[Round "4.2"]
[White "Cheparinov, I."]
[Black "Danielsen, Hen"]
[Result "1-0"]
[WhiteElo "2677"]
[BlackElo "2511"]
[PlyCount "51"]
[EventDate "2012.07.28"]
[SourceDate "1999.07.01"]

1. d4 d5 2. c4 c6 3. Nf3 Nf6 4. Nc3 a6 5. a4 e6 6. g3 dxc4 7. e4 Bb4 8. e5 Nd5
9. Bd2 b5 10. Bg2 Bb7 11. Ng5 Nd7 12. Qh5 g6 13. Qh6 Bf8 14. Qh3 Nxc3 15. bxc3
Be7 16. Ne4 h5 17. O-O Kf8 18. f4 Nb6 19. Ng5 Qd7 20. f5 exf5 21. g4 Bxg5 22.
Bxg5 fxg4 23. Qh4 Re8 24. Rf6 Re6 25. Raf1 Nd5 26. Bxd5 1-0

[Event "Dutch Open 2012"]
[Site "Dieren NED"]
[Date "2012.08.02"]
[Round "9.2"]
[White "Greenfeld, A."]
[Black "Ikonnikov, Vy"]
[Result "1-0"]
[WhiteElo "2556"]
[BlackElo "2537"]
[PlyCount "67"]
[EventDate "2012.07.24"]
[SourceDate "1999.07.01"]

1. Nf3 Nf6 2. c4 c6 3. Nc3 d5 4. d4 a6 5. a4 e6 6. Bg5 Be7 7. e3 a5 8. Bd3 Na6
9. O-O Nb4 10. Re1 O-O 11. e4 h6 12. Bf4 dxe4 13. Nxe4 c5 14. Bb1 cxd4 15. Nxd4
Nxe4 16. Bxe4 Bf6 17. Nb5 Bxb2 18. Qxd8 Rxd8 19. Rad1 Rf8 20. Bd6 Bf6 21. Bxf8
Kxf8 22. c5 Na6 23. Rc1 Rb8 24. Nd6 Nb4 25. Red1 Be7 26. f4 g5 27. g3 gxf4 28.
gxf4 Na2 29. Rc4 Nb4 30. Rd2 b6 31. c6 Ba6 32. c7 Bxd6 33. cxb8=Q+ Bxb8 34.
Rxb4 1-0

[Event "45th Biel Masters Open"]
[Site "Biel SUI"]
[Date "2012.07.26"]
[Round "4"]
[White "Wen Yang"]
[Black "Movsesian, S."]
[Result "1/2-1/2"]
[WhiteElo "2569"]
[BlackElo "2698"]
[PlyCount "36"]
[EventDate "2012.07.23"]
[SourceDate "1999.07.01"]

1. d4 d5 2. c4 c6 3. Nf3 Nf6 4. Nc3 a6 5. e3 b5 6. b3 Bg4 7. Be2 Nbd7 8. O-O e6
9. Bb2 Bd6 10. h3 Bh5 11. Ne5 Bxe2 12. Nxe2 bxc4 13. bxc4 O-O 14. Qc2 Qc7 15.
Nxd7 Nxd7 16. Rfc1 Rfc8 17. Rab1 Rab8 18. c5 Be7 1/2-1/2